[Event "Campionatul  National de sah pentru cop"]
[Site "Calimanesti-Caciulata"]
[Date "2015.03.31"]
[Round "2.8"]
[White "Albu, George"]
[Black "Palii, Alex"]
[Result "1-0"]
[WhiteElo "1764"]
[BlackElo "1640"]
[PlyCount "165"]
[EventDate "2015.03.30"]
[EventRounds "7"]

1. d4 f5 2. g4 d5 3. Nc3 e6 4. Bg2 c6 5. gxf5 exf5 6. Nf3 Nd7 7. Qd3 Ndf6 8.
Bf4 Bb4 9. Nd2 Ne7 10. f3 O-O 11. O-O-O Ng6 12. Bg5 Qd6 13. e3 Bd7 14. Bxf6
Rxf6 15. h4 b5 16. f4 a5 17. Nf3 Bxc3 18. Qxc3 b4 19. Qd3 h5 20. Rdg1 Ne7 21.
Ne5 g6 22. Bf3 Kh7 23. Rg5 Be8 24. Rhg1 a4 25. Qe2 Qe6 26. Kb1 Ra7 27. Qg2 Nc8
28. Be2 Nd6 29. Qh2 Ne4 30. R5g2 a3 31. b3 c5 32. Bf3 Nc3+ 33. Ka1 cxd4 34.
exd4 Nb5 35. Rd2 Qc8 36. Rd3 Nxd4 37. Bxd5 Bb5 38. Bc4 Bxc4 39. Nxc4 Nb5 40.
Qg2 Re6 41. Ne5 Qe8 42. Qd2 Nc3 43. Rd4 Rb7 44. Rd3 Ne4 45. Qg2 Nc5 46. Rg3 Rg7
47. Qe2 Qe7 48. Qh2 Qd8 49. Nf3 Ne4 50. R3g2 Qc7 51. c4 bxc3 52. Nd4 Rf6 53.
Rc2 Qc5 54. Nf3 Qe3 55. Ne5 Qd4 56. Rgc1 Rd6 57. Nc4 Rd5 58. Qg2 Qf6 59. Qh2
Rd2 60. Qh3 Rgd7 61. Nxa3 Qa6 62. Nb1 Rxc2 63. Rxc2 Rd1 64. Qf3 Nd2 65. Rxd2
Rxd2 66. Nxd2 cxd2 67. Qd1 Qd3 68. Kb2 Kg7 69. a4 Qd4+ 70. Kc2 Qxf4 71. Qxd2
Qxh4 72. Qd7+ Kh6 73. a5 Qe4+ 74. Qd3 h4 75. Qxe4 fxe4 76. a6 e3 77. Kd3 g5 78.
a7 g4 79. a8=Q g3 80. Kxe3 Kg5 81. Kf3 Kh5 82. Qh8+ Kg5 83. Qg7+ 1-0

[Event "Campionatul  National de sah pentru cop"]
[Site "Calimanesti-Caciulata"]
[Date "2015.03.30"]
[Round "1.28"]
[White "Palii, Alex"]
[Black "Andrei, Gheorghe"]
[Result "1-0"]
[WhiteElo "1640"]
[BlackElo "1001"]
[PlyCount "87"]
[EventDate "2015.03.30"]
[EventRounds "7"]

1. e4 e5 2. Bc4 Nf6 3. Nc3 Nc6 4. d3 Bc5 5. f4 d6 6. f5 a5 7. Bg5 h6 8. Bd2 O-O
9. Nf3 Nd4 10. Nxd4 Bxd4 11. Qf3 b6 12. O-O-O Bd7 13. a3 Qe8 14. Bd5 c6 15. Ba2
b5 16. Ne2 b4 17. a4 c5 18. b3 Bxa4 19. bxa4 Qxa4 20. Kb1 Qa3 21. Nxd4 exd4 22.
Bb3 a4 23. Bc1 Qxc1+ 24. Kxc1 axb3 25. Kd2 Ra2 26. Rc1 Rc8 27. e5 dxe5 28. Qb7
Rca8 29. h3 R2a7 30. Qc6 Ra6 31. Qxc5 Ra2 32. Qxb4 Nd5 33. Qxb3 Ne3 34. g4 R8a3
35. Qb8+ Kh7 36. Qxe5 Rc3 37. Qxd4 Raxc2+ 38. Rxc2 Rxc2+ 39. Kxe3 Rc6 40. Rf1
f6 41. Qd7 Rb6 42. Rc1 Rb3 43. Rc7 Rb2 44. Qxg7# 1-0

[Event "Calimanesti ROM, Ch U12 (b) 2014"]
[Site "Calimanesti ROM"]
[Date "2014.04.13"]
[Round "9.16"]
[White "Craciun, Alexandru-Emilian"]
[Black "Palii, Alex"]
[Result "1-0"]
[WhiteElo "1712"]
[BlackElo "1468"]
[PlyCount "43"]
[EventDate "2014.04.06"]
[EventType "swiss"]
[EventRounds "9"]
[EventCountry "ROM"]

1. e4 c5 2. c4 e5 3. Nc3 Nc6 4. g3 d6 5. Bg2 Nf6 6. d3 Bg4 7. f3 Be6 8. Nge2
Be7 9. O-O O-O 10. f4 exf4 11. gxf4 g6 12. f5 gxf5 13. exf5 Bd7 14. Bh6 Re8 15.
Ng3 Kh8 16. Nh5 Rg8 17. Kh1 Nxh5 18. Qxh5 Ne5 19. Nd5 Bf8 20. Bxf8 Qxf8 21. Nf6
Rxg2 22. Qxh7# 1-0

[Event "Calimanesti ROM, Ch U12 (b) 2014"]
[Site "Calimanesti ROM"]
[Date "2014.04.12"]
[Round "8.14"]
[White "Palii, Alex"]
[Black "Schneider, Erik"]
[Result "0-1"]
[WhiteElo "1468"]
[BlackElo "1615"]
[PlyCount "100"]
[EventDate "2014.04.06"]
[EventType "swiss"]
[EventRounds "9"]
[EventCountry "ROM"]

1. e4 d5 2. exd5 Qxd5 3. Nc3 Qd6 4. d4 c6 5. Be3 Nf6 6. Qd2 Bf5 7. Nf3 Nbd7 8.
O-O-O e6 9. Nh4 Bg6 10. Nxg6 hxg6 11. Bf4 Qb4 12. Bc7 Rc8 13. Bf4 Be7 14. h3 b5
15. g4 Nxg4 16. Bg2 Ngf6 17. Rhe1 O-O 18. Rh1 Nb6 19. Bf1 Qa5 20. Qe3 b4 21.
Nb1 Nfd5 22. Qe5 Bf6 23. Qe4 Qxa2 24. h4 Na4 25. Bg5 Qxb2+ 26. Kd2 Nac3 27.
Nxc3 Nxc3 28. Qd3 Nxd1 29. Kxd1 Qxd4 30. Be3 Qxd3+ 31. Bxd3 c5 32. h5 Rfd8 33.
Ke2 c4 34. Be4 gxh5 35. Rxh5 Bd4 36. Bh7+ Kf8 37. Bd2 c3 38. Bf4 Rd5 39. Rxd5
exd5 40. Bd6+ Ke8 41. Bf5 Ra8 42. Bxb4 a5 43. Ba3 a4 44. f3 Bf6 45. Bd3 Be7 46.
Bb5+ Kd8 47. Bxe7+ Kxe7 48. Bc6 a3 49. Bxd5 a2 50. Bxa2 Rxa2 0-1

[Event "Calimanesti ROM, Ch U12 (b) 2014"]
[Site "Calimanesti ROM"]
[Date "2014.04.11"]
[Round "7.19"]
[White "Radu, Daniel"]
[Black "Palii, Alex"]
[Result "0-1"]
[WhiteElo "1606"]
[BlackElo "1468"]
[PlyCount "74"]
[EventDate "2014.04.06"]
[EventType "swiss"]
[EventRounds "9"]
[EventCountry "ROM"]

1. d4 Nf6 2. c4 e6 3. Nc3 Bb4 4. e3 O-O 5. Bd3 b6 6. Nf3 Bb7 7. O-O Bxc3 8.
bxc3 Ne4 9. Qc2 f5 10. Ne1 d6 11. f3 Nf6 12. e4 fxe4 13. fxe4 Nbd7 14. Nf3 e5
15. Bg5 Qe8 16. Rae1 Qe6 17. Qf2 Rf7 18. Qg3 Raf8 19. d5 Qg4 20. Qxg4 Nxg4 21.
h3 Ngf6 22. Nh4 Nc5 23. Bc2 Ba6 24. Bxf6 Rxf6 25. Bb3 Rxf1+ 26. Rxf1 Rxf1+ 27.
Kxf1 Nxe4 28. Ke2 Nxc3+ 29. Kd3 Nb1 30. Nf5 b5 31. Ne7+ Kf7 32. Nc6 Na3 33. Kc3
bxc4 34. Bd1 Nb5+ 35. Kb4 Nd4 36. Nxa7 Kf6 37. Bg4 e4 0-1

[Event "Calimanesti ROM, Ch U12 (b) 2014"]
[Site "Calimanesti ROM"]
[Date "2014.04.10"]
[Round "6.27"]
[White "Zapciroiu, Tudor"]
[Black "Palii, Alex"]
[Result "0-1"]
[WhiteElo "1104"]
[BlackElo "1468"]
[PlyCount "58"]
[EventDate "2014.04.06"]
[EventType "swiss"]
[EventRounds "9"]
[EventCountry "ROM"]

1. e4 c5 2. Nf3 e6 3. d4 cxd4 4. Nxd4 Nf6 5. Nc3 d6 6. Be3 a6 7. f3 Be7 8. Qd2
O-O 9. O-O-O b5 10. g4 Bb7 11. a3 Nbd7 12. Be2 Nb6 13. Rhf1 Nfd7 14. Rg1 Ne5
15. f4 Nec4 16. Bxc4 Nxc4 17. Qd3 Nxe3 18. Qxe3 Qb6 19. e5 dxe5 20. fxe5 h6 21.
Qf2 Rac8 22. h4 Bxa3 23. g5 h5 24. Rd3 Bc5 25. Rgd1 Qa5 26. Kb1 b4 27. Nce2 Be4
28. R3d2 b3 29. Rf1 Qa2+ 0-1

[Event "Calimanesti ROM, Ch U12 (b) 2014"]
[Site "Calimanesti ROM"]
[Date "2014.04.09"]
[Round "4.24"]
[White "Cristea, Aurelian-Gabriel"]
[Black "Palii, Alex"]
[Result "0-1"]
[WhiteElo "1119"]
[BlackElo "1468"]
[PlyCount "54"]
[EventDate "2014.04.06"]
[EventType "swiss"]
[EventRounds "9"]
[EventCountry "ROM"]

1. e4 c5 2. Nf3 e6 3. d4 cxd4 4. Nxd4 Nf6 5. Nc3 d6 6. f3 a6 7. Be3 Be7 8. Qd2
O-O 9. O-O-O b5 10. g4 Nbd7 11. Nc6 Qe8 12. Nxe7+ Qxe7 13. Qxd6 Qd8 14. Bg2 Ne8
15. Qd2 b4 16. Ne2 a5 17. Bc5 b3 18. Kb1 bxa2+ 19. Kxa2 Rb8 20. Bxf8 Kxf8 21.
Nd4 Qb6 22. Rb1 Ne5 23. Qc3 Ba6 24. Bf1 Rc8 25. Qd2 Nc4 26. Bxc4 Rxc4 27. c3
Ra4# 0-1

[Event "Calimanesti ROM, Ch U12 (b) 2014"]
[Site "Calimanesti ROM"]
[Date "2014.04.09"]
[Round "5.16"]
[White "Palii, Alex"]
[Black "Codreanu, Alex-Cosmin"]
[Result "0-1"]
[WhiteElo "1468"]
[BlackElo "1685"]
[PlyCount "94"]
[EventDate "2014.04.06"]
[EventType "swiss"]
[EventRounds "9"]
[EventCountry "ROM"]

1. e4 c5 2. Nf3 Nc6 3. d4 cxd4 4. Nxd4 e5 5. Nb5 d6 6. N1c3 a6 7. Na3 b5 8. Nd5
Nf6 9. Bg5 Be7 10. Bxf6 Bxf6 11. c3 O-O 12. Nc2 Bg5 13. a4 Rb8 14. axb5 axb5
15. Ncb4 Nxb4 16. Nxb4 Bb7 17. Nd5 Bxd5 18. Qxd5 b4 19. c4 Ra8 20. Rxa8 Qxa8
21. Qxa8 Rxa8 22. Be2 Ra2 23. h4 Bc1 24. Rh3 Bxb2 25. Rd3 Bd4 26. f4 f6 27. c5
dxc5 28. Kd1 Ra1+ 29. Kc2 c4 30. Rf3 b3+ 31. Kd2 c3+ 32. Rxc3 Bxc3+ 33. Kxc3
Re1 34. Bc4+ Kf8 35. Kxb3 Rxe4 36. fxe5 fxe5 37. h5 Rg4 38. Bd5 h6 39. Bf3 Rf4
40. Kc3 Ra4 41. Kd3 Ke7 42. Ke3 Kf6 43. g4 Kg5 44. Bd1 Rxg4 45. Bxg4 Kxg4 46.
Ke4 Kxh5 47. Kxe5 Kg4 0-1

[Event "Calimanesti ROM, Ch U12 (b) 2014"]
[Site "Calimanesti ROM"]
[Date "2014.04.08"]
[Round "3.14"]
[White "Palii, Alex"]
[Black "Stoleriu , George"]
[Result "0-1"]
[WhiteElo "1468"]
[BlackElo "1882"]
[PlyCount "128"]
[EventDate "2014.04.06"]
[EventType "swiss"]
[EventRounds "9"]
[EventCountry "ROM"]

1. e4 c6 2. d4 d5 3. Nc3 dxe4 4. Nxe4 Bf5 5. Ng3 Bg6 6. h4 h6 7. Nf3 Nd7 8. h5
Bh7 9. Bd3 Bxd3 10. Qxd3 e6 11. Bd2 Qc7 12. O-O-O O-O-O 13. Kb1 Ngf6 14. c4 Bd6
15. Ne4 Nxe4 16. Qxe4 Nf6 17. Qe2 c5 18. Bc3 cxd4 19. Bxd4 Bc5 20. Bc3 Qc6 21.
g3 Rhg8 22. Ne5 Qe4+ 23. Qxe4 Nxe4 24. Rxd8+ Rxd8 25. Nxf7 Rf8 26. Ne5 Nxc3+
27. bxc3 Bxf2 28. Rf1 Rf5 29. g4 Rxe5 30. Rxf2 Rg5 31. Rf4 Kc7 32. Kc2 e5 33.
Re4 Kd6 34. Kb3 g6 35. hxg6 Rxg6 36. Kc2 Rf6 37. Kd3 b6 38. Kd2 Rf2+ 39. Re2
Rf4 40. c5+ bxc5 41. Rg2 Kd5 42. Rg3 Rf2+ 43. Kd3 e4+ 44. Ke3 Rf3+ 45. Rxf3
exf3 46. Kxf3 Kc4 47. Kf4 Kxc3 48. Kf5 Kb2 49. Kg6 c4 50. Kxh6 c3 51. g5 c2 52.
g6 c1=Q+ 53. Kh7 Qh1+ 54. Kg7 Kxa2 55. Kg8 Kb3 56. g7 Kc4 57. Kf7 Qd5+ 58. Kf8
Qf5+ 59. Ke7 Qg6 60. Kf8 Qf6+ 61. Kg8 Kd5 62. Kh7 Qf7 63. Kh8 Qh5+ 64. Kg8 Ke6
0-1

[Event "Calimanesti ROM, Ch U12 (b) 2014"]
[Site "Calimanesti ROM"]
[Date "2014.04.07"]
[Round "2.20"]
[White "Palii, Alex"]
[Black "Stefan, Mihai"]
[Result "1/2-1/2"]
[WhiteElo "1468"]
[BlackElo "1722"]
[PlyCount "86"]
[EventDate "2014.04.06"]
[EventType "swiss"]
[EventRounds "9"]
[EventCountry "ROM"]

1. e4 e5 2. Nf3 Nc6 3. d4 exd4 4. Nxd4 Bc5 5. Be3 Qf6 6. c3 Nge7 7. g3 O-O 8.
Bg2 b6 9. O-O Bxd4 10. cxd4 Bb7 11. Nc3 d6 12. Rc1 Rac8 13. f4 Ba6 14. Re1 Nb4
15. Bf1 Bxf1 16. Rxf1 d5 17. a3 Na6 18. Nxd5 Nxd5 19. exd5 Qf5 20. Qa4 Rce8 21.
Bf2 Nb8 22. Rxc7 Qxd5 23. Qc4 Qxc4 24. Rxc4 Re2 25. Rb1 Rd2 26. Rc7 a6 27. Rcc1
Re8 28. Rd1 Ree2 29. Rxd2 Rxd2 30. Kf1 g6 31. Ke1 Rc2 32. d5 Nd7 33. b4 Rc3 34.
b5 Rxa3 35. bxa6 Rxa6 36. Bd4 Ra5 37. d6 Rd5 38. Bxb6 Rxd6 39. Bf2 Re6+ 40. Kf1
Nf6 41. Bd4 Kg7 42. Kg2 Ra6 43. Kh3 g5 1/2-1/2

[Event "Calimanesti ROM, Ch U12 (b) 2014"]
[Site "Calimanesti ROM"]
[Date "2014.04.06"]
[Round "1.3"]
[White "Fluerariu, Radu-Cristian"]
[Black "Palii, Alex"]
[Result "1/2-1/2"]
[WhiteElo "1814"]
[BlackElo "1468"]
[PlyCount "58"]
[EventDate "2014.04.06"]
[EventType "swiss"]
[EventRounds "9"]
[EventCountry "ROM"]

1. e4 c5 2. Nf3 e6 3. d4 cxd4 4. Nxd4 Nf6 5. Nc3 d6 6. g3 Be7 7. Bg2 e5 8. Nde2
O-O 9. O-O Be6 10. Kh1 Nc6 11. f4 Bc4 12. b3 Ba6 13. h3 Qc7 14. Re1 Rac8 15.
Bb2 Rfd8 16. f5 Kh8 17. g4 h6 18. Ng3 Nd4 19. h4 Ng8 20. Nd5 Qxc2 21. Nxe7 Nxe7
22. Bxd4 Qxd1 23. Raxd1 exd4 24. Rxd4 Nc6 25. Rd2 Ne5 26. g5 hxg5 27. hxg5 Rc3
28. Nh5 Rd3 29. Red1 Rc8 1/2-1/2

[Event "CN Juniori 2013 - B12"]
[Site "Calimanesti-Caciulata"]
[Date "2013.04.08"]
[Round "9.19"]
[White "Gogonea, Paul"]
[Black "Palii, Alex"]
[Result "1-0"]
[WhiteElo "1404"]
[BlackElo "1339"]
[PlyCount "75"]
[EventDate "2013.04.02"]
[EventRounds "9"]

1. d4 c5 2. c3 e6 3. Nf3 cxd4 4. cxd4 Nf6 5. Bg5 Qa5+ 6. Nc3 Ne4 7. Bd2 Nxd2 8.
Qxd2 Be7 9. e3 O-O 10. Be2 Nc6 11. O-O Qc7 12. Rfe1 d5 13. a3 f5 14. b4 a6 15.
Na4 b6 16. Rac1 Qb7 17. Qc3 Bd7 18. Nb2 Rac8 19. Qd2 b5 20. Nd3 Qb8 21. Nfe5
Nxe5 22. Nxe5 Qd6 23. Rxc8 Bxc8 24. Rc1 Bb7 25. Rc2 Bf6 26. Nf3 Bd8 27. Qc1 f4
28. Ne5 fxe3 29. fxe3 Bg5 30. Bg4 Kh8 31. Rf2 Rc8 32. Qxc8+ Bxc8 33. Nf7+ Kg8
34. Nxd6 Bxe3 35. Nxc8 Bxd4 36. Bxe6+ Kh8 37. Kf1 Bxf2 38. Kxf2 1-0

[Event "CN Juniori 2013 - B12"]
[Site "Calimanesti-Caciulata"]
[Date "2013.04.07"]
[Round "8.18"]
[White "Jancso, Balint"]
[Black "Palii, Alex"]
[Result "1-0"]
[WhiteElo "1373"]
[BlackElo "1339"]
[PlyCount "109"]
[EventDate "2013.04.02"]
[EventRounds "9"]

1. e4 e6 2. d4 c5 3. Nf3 Nf6 4. Bd3 Qb6 5. c3 Nc6 6. Bc2 Be7 7. O-O O-O 8. Qd3
g6 9. b3 d5 10. e5 Nd7 11. Bh6 Re8 12. Rd1 cxd4 13. cxd4 Nb4 14. Qd2 Nxc2 15.
Qxc2 f6 16. Nc3 fxe5 17. Nxe5 Nxe5 18. dxe5 Bd7 19. Rd3 Bf8 20. Bxf8 Rxf8 21.
Rf1 Rac8 22. Qd2 Rf5 23. Re1 Rcf8 24. Re2 Qc7 25. Qe3 b5 26. b4 a5 27. a3 axb4
28. axb4 Ra8 29. h3 Ra3 30. Kh2 Qc4 31. Rb2 d4 32. Qxd4 Qxd4 33. Rxd4 Rxc3 34.
Rxd7 Rxe5 35. Ra2 Rc8 36. Raa7 Rh5 37. g4 Rh6 38. Re7 Rf8 39. Kg3 g5 40. Rg7+
Kh8 41. Rxg5 Rhf6 42. Rgg7 Rg6 43. Rxg6 hxg6 44. Re7 Rf6 45. g5 Rf5 46. f4 Rd5
47. Rxe6 Rd4 48. Rxg6 Rxb4 49. Rb6 Rb1 50. Rb7 b4 51. Kg4 b3 52. Kh5 Rb2 53.
Kg6 Re2 54. Rb8+ Re8 55. Rxe8# 1-0

[Event "CN Juniori 2013 - B12"]
[Site "Calimanesti-Caciulata"]
[Date "2013.04.06"]
[Round "7.17"]
[White "Palii, Alex"]
[Black "Todorut, Ovidiu-Stefan"]
[Result "1/2-1/2"]
[WhiteElo "1339"]
[BlackElo "1573"]
[PlyCount "98"]
[EventDate "2013.04.02"]
[EventRounds "9"]

1. e4 c5 2. Nc3 e6 3. f4 a6 4. a4 Nc6 5. Bc4 Nge7 6. Qf3 Nd4 7. Qd1 Nec6 8. Nf3
Nxf3+ 9. Qxf3 Nd4 10. Qd1 Qh4+ 11. g3 Qh3 12. Bf1 Qh6 13. d3 Qf6 14. Bg2 Qd8
15. O-O d6 16. Be3 Nc6 17. Qf3 g6 18. g4 h5 19. g5 Qb6 20. b3 Bg7 21. Ne2 Bxa1
22. Rxa1 Bd7 23. Bh3 O-O-O 24. Rb1 Nb4 25. Rb2 Nxc2 26. Rxc2 Qxb3 27. Rc3 Qxa4
28. d4 c4 29. Bf2 Rhe8 30. Bg3 Bc6 31. Qe3 d5 32. e5 Qd1+ 33. Kf2 Rd7 34. Rc1
Qa4 35. Nc3 Qb3 36. Qd2 b5 37. Bf1 a5 38. Be2 Qa3 39. Bd1 Qe7 40. Nxb5 Bxb5 41.
Qxa5 Bc6 42. Ra1 Rdd8 43. Ba4 Qb7 44. Qc5 Qb2+ 45. Kf3 Qxa1 46. Qxc6+ Kb8 47.
Qb6+ Kc8 48. Qc5+ Kb8 49. Qb6+ Kc8 1/2-1/2

[Event "CN Juniori 2013 - B12"]
[Site "Calimanesti-Caciulata"]
[Date "2013.04.05"]
[Round "5.13"]
[White "Mongescu, Victor"]
[Black "Palii, Alex"]
[Result "1-0"]
[WhiteElo "1788"]
[BlackElo "1339"]
[PlyCount "99"]
[EventDate "2013.04.02"]
[EventRounds "9"]

1. e4 e6 2. d3 d5 3. Nd2 c5 4. Ngf3 Nc6 5. g3 Bd6 6. Bg2 d4 7. O-O e5 8. Re1
Nf6 9. Nf1 h6 10. Bd2 Be6 11. c3 Qd7 12. Rc1 Rc8 13. b4 b6 14. cxd4 cxd4 15. a3
O-O 16. Nh4 g5 17. Nf5 Bxf5 18. exf5 Ne7 19. Be4 Nxf5 20. Qf3 Nxe4 21. dxe4 Ng7
22. h4 f6 23. Nh2 Be7 24. Ng4 Kh7 25. Rxc8 Qxc8 26. Rc1 Qd7 27. Kg2 h5 28. Nh2
g4 29. Qd3 f5 30. exf5 Qxf5 31. Qxf5+ Nxf5 32. Rc7 Kg6 33. Rxa7 e4 34. Nf1 Bd6
35. Rb7 Rb8 36. Rd7 Re8 37. a4 Bxg3 38. Nxg3 e3 39. Nxf5 exd2 40. Rxd4 Kxf5 41.
Rxd2 Re4 42. Rd5+ Kf4 43. Rb5 Re2 44. Rxb6 g3 45. Rf6+ Ke5 46. Rf3 gxf2 47.
Rxf2 Re4 48. Rb2 Rxh4 49. a5 Kd4 50. b5 1-0

[Event "CN Juniori 2013 - B12"]
[Site "Calimanesti-Caciulata"]
[Date "2013.04.05"]
[Round "6.14"]
[White "Palii, Alex"]
[Black "Padurean, Daniel Cristian"]
[Result "0-1"]
[WhiteElo "1339"]
[BlackElo "1616"]
[PlyCount "58"]
[EventDate "2013.04.02"]
[EventRounds "9"]

1. e4 e5 2. Nf3 Nc6 3. Nc3 Nf6 4. d4 exd4 5. Nd5 d6 6. Bd3 Be7 7. O-O O-O 8.
Re1 Bg4 9. Nxf6+ Bxf6 10. h3 Bxf3 11. Qxf3 Ne5 12. Qe2 Re8 13. Bb5 c6 14. Ba4
a5 15. a3 b5 16. Bb3 Qb6 17. Kh1 a4 18. Ba2 c5 19. Bd5 Ra7 20. f4 Nc6 21. Qf3
Ne7 22. Ba2 c4 23. Bd2 Nc6 24. c3 Rae7 25. Rac1 d3 26. Re3 Nb8 27. g4 g5 28. f5
Qb7 29. Bb1 Na6 0-1

[Event "CN Juniori 2013 - B12"]
[Site "Calimanesti-Caciulata"]
[Date "2013.04.04"]
[Round "4.6"]
[White "Palii, Alex"]
[Black "Paraschiv, Paul-Alexandru"]
[Result "0-1"]
[WhiteElo "1339"]
[BlackElo "1649"]
[PlyCount "56"]
[EventDate "2013.04.02"]
[EventRounds "9"]

1. e4 e6 2. Qe2 c5 3. Nf3 Nc6 4. Nc3 b6 5. Qe3 Bb7 6. a3 Be7 7. Bb5 Rc8 8. O-O
h5 9. d4 cxd4 10. Nxd4 Bc5 11. Nce2 Nxd4 12. Nxd4 e5 13. b4 Bxd4 14. Qg3 Bxa1
15. Qxg7 Qf6 16. Qg3 Bc6 17. Be2 Qg6 18. Qb3 Bxe4 19. f3 Bd4+ 20. Kh1 Bxc2 21.
Qa2 Bd3 22. Bxd3 Qxd3 23. Re1 Qc4 24. Qxc4 Rxc4 25. h3 Nf6 26. Bg5 Ke7 27. f4
d6 28. fxe5 Bxe5 0-1

[Event "CN Juniori 2013 - B12"]
[Site "Calimanesti-Caciulata"]
[Date "2013.04.03"]
[Round "3.14"]
[White "Datcu-Goiceanu, David"]
[Black "Palii, Alex"]
[Result "0-1"]
[WhiteElo "1636"]
[BlackElo "1339"]
[PlyCount "82"]
[EventDate "2013.04.02"]
[EventRounds "9"]

1. e4 c5 2. Nf3 d6 3. g3 g6 4. Bg2 Bh6 5. d3 Bxc1 6. Qxc1 e5 7. O-O Nc6 8. Nc3
Be6 9. Ng5 Qd7 10. f4 O-O-O 11. Nxe6 fxe6 12. fxe5 Nxe5 13. Bh3 Kb8 14. Qf4 h5
15. Rab1 Rh7 16. Qd2 Nh6 17. b4 cxb4 18. Rxb4 Rc8 19. Ne2 Nhg4 20. Bg2 h4 21.
h3 Nh6 22. c3 hxg3 23. Nxg3 Nhf7 24. Rb3 g5 25. Qe2 Rg8 26. d4 Ng6 27. d5 Nf4
28. Rxf4 gxf4 29. Nh5 b5 30. Nf6 Qd8 31. Nxh7 Ng5 32. Nxg5 Qxg5 33. Qf3 Qh4 34.
Kh2 Rg3 35. Qf1 f3 36. Bxf3 Qf4 37. Rxb5+ Kc8 38. Kh1 Rxf3 39. Rb8+ Kxb8 40.
Qb5+ Kc7 41. Qc6+ Kd8 0-1

[Event "CN Juniori 2013 - B12"]
[Site "Calimanesti-Caciulata"]
[Date "2013.04.02"]
[Round "1.19"]
[White "Palii, Alex"]
[Black "Muntianu, Razvan-Gavril"]
[Result "0-1"]
[WhiteElo "1339"]
[BlackElo "1628"]
[PlyCount "120"]
[EventDate "2013.04.02"]
[EventRounds "9"]

1. e4 c5 2. Nf3 e6 3. d4 cxd4 4. Nxd4 a6 5. Bd3 Qc7 6. O-O Nf6 7. c4 Nc6 8. Be3
Nb4 9. Nc3 Nxd3 10. Qxd3 Ng4 11. f4 Nxe3 12. Qxe3 b6 13. Qd3 Bb7 14. Kh1 Rc8
15. b3 b5 16. Rad1 bxc4 17. Qd2 cxb3 18. Nxb3 Bb4 19. Rf3 Bxe4 20. Re3 Bc6 21.
Qd4 Bxc3 22. Rxc3 O-O 23. Rg3 f6 24. Rc1 Qb7 25. Qd2 Bd5 26. Rb1 Rc7 27. Rb2
Rfc8 28. h3 Qc6 29. Qd4 Kf7 30. Qd2 Bxb3 31. Rgxb3 Qc1+ 32. Qxc1 Rxc1+ 33. Kh2
R1c2 34. Rxc2 Rxc2 35. Ra3 Rc6 36. Kg3 Ke7 37. Kh4 Kd6 38. g4 Kc7 39. Kg3 d5
40. Kf3 Kb7 41. Ke3 Rc4 42. Rb3+ Kc7 43. Rd3 Kc6 44. a3 Rc1 45. Kf3 a5 46. Kg3
a4 47. Kf3 Kc5 48. Re3 Kd6 49. Kg3 d4 50. Rd3 Rc3 51. Rf3 Kd5 52. Kf2 Rxf3+ 53.
Kxf3 Kc4 54. Ke2 Kc3 55. Kd1 Kd3 56. Ke1 Kc2 57. Kf2 d3 58. Ke3 d2 59. Kd4
d1=Q+ 60. Kc5 Qd8 0-1